000 01300nam a22001697a 4500
003 SGT
020 _a9789385965067
082 _a378.166,MAL
100 _aMALHOTRA, ANKUR
245 _aCAMPUS PLACEMENTS: A COMPREHENSIVE GUIDE
250 _a1ST
260 _aNEW DELHI
_bTMH
_c2016
300 _a595
650 _aHIGHER EDUCATION
653 _a1. NUMBER SYSTEM 2. PERCENTAGES, PROFIT AND LOSS 3. SIMPLE AND COMPOUND INTEREST 4. TIME, SPEED AND DISTANCE 5. WORK, PIPES AND CISTERNS 6. AVERAGE, RATIO, PROPORTION AND MIXTURES7. EQUATION BASED PROBLEM8. VENN DIAGRAMS9. PERMUTATIONS AND COMBINATIONS10. PROBABILITY 11. HEIGHTS AND DISTANCES 12. CLOCKS AND CALENDARS PART 2: LOGICAL REASONING 13. CODING DECODING14. BLOOD RELATIONS15. DIRECTION TEST16. SERIES COMPLETION17. LINEAR ARRANGEMENT18. COMPLEX ARRANGEMENT19. CUBES, DICES & MATCHSTICKS20. CONDITIONALITIES AND GROUPING21. NUMERICAL LOGIC 22. DATA INTERPRETATION23. DATA SUFFICIENCY 24. PUZZLES AND BRAIN TEASERSPART 3: VERBAL ABILITY 25. SENTENCE CORRECTION 26. VOCABULARY 27. FILL IN THE BLANKS 28. READING COMPREHENSION 29. PARA JUMBLES 30. CRITICAL REASONING 31. SYLLOGISMSPART 4: GROUP DISCUSSIONS AND PERSONAL INTERVIEW 32. GROUP DISCUSSIONS 33. PERSONAL INTERVIEWS
942 _2ddc
_cBK
999 _c9544
_d9544